FAQ: What is the definition of a block? (Record no. 121322)
[ view plain ]
| 000 -LEADER | |
|---|---|
| fixed length control field | 01344nam a22001697a 4500 |
| 005 - DATE AND TIME OF LATEST TRANSACTION | |
| control field | 20260528162722.0 |
| 008 - FIXED-LENGTH DATA ELEMENTS--GENERAL INFORMATION | |
| fixed length control field | 230110t2023 xxk ||||o|||| 00| 0 eng d |
| 110 ## - MAIN ENTRY--CORPORATE NAME | |
| Corporate author | RICS Knowledge and Information Service |
| 245 ## - TITLE STATEMENT | |
| Title | FAQ: What is the definition of a block? |
| 260 ## - PUBLICATION INFORMATION | |
| Publisher | RICS Knowledge and Information Service, |
| Date | Last reviewed 12th May 2023 |
| 490 ## - SERIES TITLE | |
| Series statement | RICS FAQ |
| 520 ## - ABSTRACT | |
| Abstract | The RICS cannot define what a ‘block’ is but the question has come up before in relation to an External Wall Cladding Survey (EWS1). The FAQs at https://www.rics.org/news-insights/current-topics-campaigns/fire-safety/cladding-external-wall-system-ews-faqs states "Each EWS1 form is valid for an entire block / building"<br/>There have been instances of developments of several attached ‘blocks’ with several different postcodes. <br/> <br/>We understand the professionals involved in one case decided that where the blocks are abutted but there is no connecting floors/stairs etc that they are separate blocks – but each case has to be decided on its own merits as they will likely be unique.<br/><br/>An EWS1 form can have multiple postcodes on the same form if the block spans more than one postcode. <br/> |
| 650 ## - KEYWORDS | |
| Keywords | Cladding |
| 690 ## - LOCAL SUBJECT ADDED ENTRY--TOPICAL TERM (OCLC, RLIN) | |
| 9 (RLIN) | 6308 |
| Topical term or geographic name as entry element | Cladding |
| 690 ## - LOCAL SUBJECT ADDED ENTRY--TOPICAL TERM (OCLC, RLIN) | |
| 9 (RLIN) | 6223 |
| Topical term or geographic name as entry element | Building materials & defects |
| 710 ## - ADDED CORPORATE NAME | |
| Added corporate author | RICS Knowledge and Information Service |
| Withdrawn status | Lost status | Source of classification or shelving scheme | Damaged status | Not for loan | Home library | Current library | Shelving location | Date acquired | Total Checkouts | Date last seen | Price effective from | Koha item type |
|---|---|---|---|---|---|---|---|---|---|---|---|---|
| Dewey Decimal Classification | Virtual | Virtual | Enquiry desk | 23/01/2023 | 23/01/2023 | 23/01/2023 | Reference material |